| 000 | 00367nam a2200157Ia 4500 | ||
|---|---|---|---|
| 008 | 180620s9999 xx 000 0 und d | ||
| 050 | _aREF GV 200.5 | ||
| 050 | _b.W55 | ||
| 245 | 0 | _aWilderness survival / | |
| 260 | _a[s.l.] : | ||
| 260 | _b[s.n.]. | ||
| 300 | _a152 pages : | ||
| 300 | _billustrations ; | ||
| 300 | _c18 cm. | ||
| 650 | _aWilderness survival. | ||
| 999 |
_c358004 _d358004 |
||